20 Biggest Western Australian Cities - Statistics

General Stats
  • This quiz has been taken 37 times
  • The average score is 11 of 20
Answer Stats
Hint Answer % Correct
2,127,762 Perth
100%
14,660 Broome
90%
75,196 Bunbury
87%
32,717 Geraldton
81%
31,128 Albany
77%
27,233 Busselton
71%
17,013 Karratha
71%
15,298 Port Hedland
71%
10,218 Esperance
68%
7,430 Margaret River
55%
29,068 Kalgoorlie-Boulder
48%
6,679 Northam
42%
4,567 Newman
39%
4,162 Carnarvon
35%
7,182 Dunsborough
32%
4,341 Kununurra
32%
7,184 Collie
26%
4,213 Manjimup
26%
4,274 Narrogin
23%
8,859 Yanchep
19%
No matching quizzes found
Score Distribution
Percent of People with Each Score
Percentile by Number Answered
Your Score History
You have not taken this quiz